| 000 | 004490000a22001810004500 | ||
|---|---|---|---|
| 003 | MACL | ||
| 005 | 20151227125148.0 | ||
| 008 | 151227b xxu||||| |||| 00| 0 eng d | ||
| 040 |
_aMACL _cMACL |
||
| 041 | _aEnglish | ||
| 082 | _a020/KUM | ||
| 100 |
_aKumar, Krishan _923083 |
||
| 245 | _aLibrary Organisation | ||
| 260 | _bVikas Publishing House | ||
| 350 | _a125 | ||
| 650 |
_aLibrary & Information Science _916991 |
||
| 942 |
_cBK _k020/KUM _2ddc |
||
| 999 |
_c33783 _d33783 |
||